Public sector accounting (Record no. 77162)

MARC details
000 -LEADER
fixed length control field 00782nam a2200157 a 4500
008 - FIXED-LENGTH DATA ELEMENTS--GENERAL INFORMATION
fixed length control field 120416s1984 ||||||||||||||||| || u
050 ## - LIBRARY OF CONGRESS CALL NUMBER
Classification number HJ 9925.G7 Joh
100 ## - MAIN ENTRY--PERSONAL NAME
Personal name Jones, Rowan
245 10 - TITLE STATEMENT
Title Public sector accounting
260 ## - PUBLICATION, DISTRIBUTION, ETC.
Place of publication, distribution, etc. London
Name of publisher, distributor, etc. Pitman
Date of publication, distribution, etc. 1984
300 ## - PHYSICAL DESCRIPTION
Extent viii, 309p. : ill.
350 ## -
-- 0.00
995 ## -
-- ANNEX COLLECTION (Main Library)
-- 0.00
-- 707105
-- CBU-MAIN LIBRARY (Kitwe)
-- 1
-- 0.00
-- HJ 9925.G7 Joh
-- 1
-- AVAILABLE
-- 008432
-- Annex Low-Usage Collection
995 ## -
-- TEXTBOOKS (SB)
-- 0.00
-- 01148
-- CBU-SCHOOL TEXTBOOK COLLECTIONS
-- 1
-- 0.00
-- SCHOOL TEXTBOOK
-- 3
-- AVAILABLE
-- Sep 18, 2009
-- 01148
-- School Collections
995 ## -
-- TEXTBOOKS (SB)
-- 0.00
-- 01147
-- CBU-SCHOOL TEXTBOOK COLLECTIONS
-- 1
-- 0.00
-- SCHOOL TEXTBOOK
-- 2
-- AVAILABLE
-- Sep 18, 2009
-- 01147
-- School Collections
999 ## -
-- 77162
-- 77162
Holdings
Withdrawn status Lost status Source of classification or shelving scheme Damaged status Not for loan Permanent Location Current Location Shelving location Date acquired Total Checkouts Full call number Barcode Date last seen Copy number Price effective from Koha item type
          CBU-MAIN LIBRARY, KITWE. CBU-MAIN LIBRARY, KITWE.   04/25/2023   HJ 9925.G7 Joh 008432 04/25/2023 1 04/25/2023 MONOGRAPH
          CBU-SCHOOL TEXT BOOK COLLECTION CBU-SCHOOL TEXT BOOK COLLECTION   04/25/2023   SCHOOL TEXTBOOK 01148 04/25/2023 2 04/25/2023 MONOGRAPH
          CBU-SCHOOL TEXT BOOK COLLECTION CBU-SCHOOL TEXT BOOK COLLECTION   04/25/2023   SCHOOL TEXTBOOK 01147 04/25/2023 3 04/25/2023 MONOGRAPH